People on Time Covers 1994 - Statistics

General Stats
  • This quiz has been taken 14 times
  • The average score is 17 of 26
Answer Stats
Hint Persons % Correct
American politician who served as the US president from 1993 to 2001. He previously served as Governor of Arkansas from 1979 to 1981 and again from 1983 to 1992. Bill Clinton
100%
Cuban revolutionary and politician who was the leader of Cuba from 1959 to 2008, serving as the prime minister of Cuba from 1959 to 1976 and president from 1976 to 2008. Fidel Castro
100%
American politician and diplomat who served as the US secretary of state from 2009 to 2013, as a U.S. senator representing New York from 2001 to 2009, and as the first lady from 1993 to 2001. She was the Democrat's nominee in the 2016 U.S. presidential election Hillary Clinton
100%
South African anti-apartheid activist and politician who served as the first president of South Africa from 1994 to 1999. He was the country's first black head of state and the first elected in a fully representative democratic election. Man of the Year for 1993 Nelson Mandela
100%
US president from 1969 to 1974. He previously served as a representative and senator from California and as the vice president from 1953 to 1961. He resigned in 1974 and passed away in 1994. Richard Nixon
100%
American writer, book editor, and socialite who served as the first lady of the United States from 1961 to 1963. In 1968, she married Greek shipping magnate and passed away in 1994. Jacqueline Kennedy
92%
American politician and humanitarian who served as the US from 1977 to 1981. Often considered the most successful ex-president for his efforts in diplomacy and Habitat for Humanity. Jimmy Carter
92%
North Korean politician and the founder of North Korea, which he led as Supreme Leader from the country's establishment in 1948 until his death in 1994. Kim Il Sung
92%
Head of the Catholic Church and sovereign of the Vatican City State from 1978 until his death in 2005. Man of the Year 1994 Pope John Paul II
92%
American military officer and statesman who served as the US president from 1953 to 1961. During World War II, he was Supreme Commander of the Allied Expeditionary Force in Europe and achieved the five-star rank as General of the Army. Dwight D. Eisenhower
83%
American former football running back, actor, and broadcaster. He played in the NFL for 11 seasons, primarily with the Buffalo Bills. His professional success was overshadowed by his trial and controversial acquittal for the murders of his former wife and her friend. O.J. Simpson
83%
Canadian actor. In a career spanning seven decades, he is best known for his portrayal of James T. Kirk in the Star Trek franchise, William Shatner
83%
English actor whose career has spanned seven decades in theatre, film, television and video games. He gained international stardom for his leading role as Captain Jean-Luc Picard in Star Trek: The Next Generation (1987–94), its subsequent films and Star Trek: Picard (2020–23). Patrick Stewart
75%
American figure skater. She was the 1991 and 1994 U.S. champion, and 1991 World silver medalist. In 1991, she became the first American woman to successfully land a triple Axel in an international competition. In January 1994, her ex-husband orchestrated an attack on a fellow U.S. skating rival. Tonya Harding
75%
American figure skater. She won silver medals at the 1992 World Championships and the 1994 Winter Olympics, as well as the 1993 US National Figure Skating Championship. On January 6, 1994, an assailant used a police baton to hit her landing knee; the attacker was hired by the ex-husband of her rival. Nancy Kerrigan
67%
Palestinian political leader. He was chairman of the Palestine Liberation Organization (PLO) from 1969 to 2004 and president of the Palestinian National Authority (PNA) from 1994 to 2004 Yasser Arafat
67%
South African politician who served as state president of South Africa from 1989 to 1994 and as deputy president from 1994 to 1996. As South Africa's last head of state from the era of white-minority rule, he and his government dismantled the apartheid system and introduced universal suffrage. Man of the Year for 1993 F.W. de Klerk
58%
Israeli politician, statesman and general. He was the fifth prime minister of Israel, serving two terms in office, 1974–1977, and from 1992 until his assassination in 1995. Man of the Year for 1993 Yitzhak Rabin
58%
American politician and author who served as the 50th speaker of the United States House of Representatives from 1995 to 1999. Newt Gingrich
42%
American woman who was convicted of murdering her two sons, three-year-old Michael and 14-month-old Alexander, in 1994 by drowning them in a South Carolina lake Susan Smith
42%
American television host, political commentator, and Democratic advisor. He rose to prominence as a communications director for the 1992 presidential campaign of Bill Clinton and subsequently became White House communications director. George Stephanopoulos
25%
American religious leader who heads the Nation of Islam (NOI), a black nationalist organization. He is notable for his leadership of the 1995 Million Man March in Washington, D.C. and for his rhetoric that has been widely denounced as antisemitic and racist. Louis Farrakhan
25%
American CIA counterintelligence officer who was convicted of espionage on behalf of the Soviet Union and Russia in 1994. Aldrich Ames
17%
Russian right-wing populist politician and the leader of the Liberal Democratic Party of Russia (LDPR) from its creation in 1992 until his death in 2022. Vladimir Zhirinovsky
17%
American choreographer, director, author and dancer. He is the Artistic Director of New York Live Arts. Last Supper at Uncle Tom’s Cabin/The Promised Land and Still/Here are some of his most thought-provoking works. Bill T Jones
8%
African-American boy from Chicago, Illinois. His murder by fellow gang members in Chicago garnered national attention because of his age (11). He became a symbol of the gang problem in American inner cities and the shortcomings of the juvenile justice system. Robert Sandifer
8%
No matching quizzes found
Score Distribution
Percent of People with Each Score
Percentile by Number Answered
Your Score History
You have not taken this quiz